| 000 | 00597nam a2200205Ia 4500 | ||
|---|---|---|---|
| 005 | 20250507130343.0 | ||
| 008 | 008 250505s9999 xx 000 0 chi d | ||
| 020 | _a9789574441365 | ||
| 037 | _aAnnuals, Advances | ||
| 040 |
_aEASL _beng _cEASL |
||
| 041 |
_achi _2eng |
||
| 084 |
_aO41,3N9, 41P4 _qEASL |
||
| 100 |
_aLi Shi Xue Au. _9665205 |
||
| 245 | 0 | _aShu hua Tai wan | |
| 260 |
_aChina _bTaibei Jiu ge chu ban she you xian gonog si Taiwan _c2004 |
||
| 300 | _a363p. | ||
| 650 |
_aCL _9642733 |
||
| 942 |
_cTEXL _hO41,3N9, 41P4 |
||
| 999 |
_c1319184 _d1319184 |
||